000 00550cam a2200193 4500500
005 20260405002801.0
041 _afre
042 _adc
100 1 0 _aPortevin, Catherine
_eauthor
245 0 0 _aAlter échos
260 _c2018.
500 _a15
690 _aBoxe
690 _aEntreprenariat
690 _aMusique
690 _aRésonance
786 0 _nPhilosophie magazine | 123 | 10 | 2018-10-01 | p. 26-27 | 1951-1787
856 4 1 _uhttps://shs.cairn.info/magazine-philosophie-magazine-2018-10-page-26?lang=fr&redirect-ssocas=7080
999 _c2061107
_d2061106